|
|
|
|
| LEADER |
00000nab a2200000uu 4500 |
| 001 |
vtls011441781 |
| 003 |
SK-MaSNL |
| 005 |
20260303123312.0 |
| 008 |
230213|1973 xo |||||||||||||||||eng| |
| 015 |
|
|
|a SNBRB
|
| 035 |
|
|
|a (urnnbn)urn:nbn:sk:snk:ar-0031b4
|
| 035 |
|
|
|a (uuid)8f633f5a-7fe9-4dd2-929a-90e66daa17c9
|
| 035 |
|
|
|a urn:nbn:sk:snk-abcfy4
|
| 040 |
|
|
|a SNKBUCL
|b slo
|c SNKBUCL
|e AACR2
|
| 041 |
0 |
|
|a eng
|
| 044 |
|
|
|a xo
|c SK
|
| 100 |
1 |
|
|a Weismann, Ľudovít,
|d 1926-2011
|4 aut
|9 98415
|
| 245 |
1 |
0 |
|a INFLUENCE OF SODIUM FLUORIDE ON BEHAVIOUR OF CATERPILLARS SCOTIA SEGETUM DEN. ET SCHIFF.
|c Ľudovít Weismann, Lýdia Švataráková
|
| 700 |
1 |
|
|a Švataráková, Lýdia,
|d 1927-
|4 aut
|9 5124
|
| 773 |
0 |
|
|t Biológia : časopis Slovenskej akadémie vied
|g Roč. 28, č. 2 (1973), s. 105-109
|
| 954 |
|
|
|a odborná, vedecká literatúra pôvodná (slovenská)
|2 lita
|
| 958 |
|
|
|a OND
|
| 958 |
|
|
|a EUIPO
|
| 958 |
|
|
|a article16
|
| 999 |
|
|
|c 1925016
|d 1926946
|